Cours de droit criminel et de science penitentiaire / (Record no. 142733)

MARC details
000 -LEADER
campo de control de longitud fija 00575nam a2200193 i 4500
001 - NÚMERO DE CONTROL
campo de control 142733
003 - IDENTIFICADOR DE NÚMERO DE CONTROL
campo de control ES-MaACL
005 - FECHA Y HORA DE LA ÚLTIMA TRANSACCIÓN
campo de control 20250809034607.0
007 - CAMPO FIJO DE DESCRIPCIÓN FÍSICA--INFORMACIÓN GENERAL
campo de control de longitud fija t|
008 - DATOS DE LONGITUD FIJA--INFORMACIÓN GENERAL
campo de control de longitud fija 071009s1910 fr ||||1| fre d
100 1# - ENTRADA PRINCIPAL--NOMBRE DE PERSONA
Nombre de persona Vidal, Georges.
9 (RLIN) 114427
245 10 - MENCIÓN DEL TÍTULO
Título Cours de droit criminel et de science penitentiaire /
Mención de responsabilidad, etc. par Georges Vidal.
250 ## - MENCION DE EDICION
Mención de edición 4è ed.
260 ## - PUBLICACIÓN, DISTRIBUCIÓN, ETC.
Lugar de publicación, distribución, etc. Paris :
Nombre del editor, distribuidor, etc. [s.n.],
Fecha de publicación, distribución, etc. 1910 (
Lugar de fabricación/manufactura Saint-Amaud :
Fabricante Imp. Bussière)
300 ## - DESCRIPCIÓN FÍSICA
Extensión VIII, 1092 p. ;
Dimensiones 22 cm.
650 07 - PUNTO DE ACCESO ADICIONAL DE MATERIA--TÉRMINO DE MATERIA
Término de materia o nombre geográfico como elemento de entrada Derecho penal
Fuente del encabezamiento o término embne
9 (RLIN) 11749
852 ## - LOCALIZACIÓN
Ubicación ES-MaACL
Número de control de estantería F-11802
Holdings
Estatus retirado Estado de pérdida Estado de daño No para préstamo Biblioteca de origen Biblioteca actual Ubicación en estantería Fecha de adquisición Fuente de adquisición Total de préstamos Signatura topográfica completa Código de barras Visto por última vez Precio de reemplazo Tipo de ítem Koha
        Biblioteca del Ateneo de Madrid Biblioteca del Ateneo de Madrid Sala Pecera Planta 2 17/01/2008     F-11802 1148512 23/02/2023 23/02/2023 Libro impreso